<?xml version="1.0" encoding="UTF-8"?>
<record
    xmlns:xsi="http://www.w3.org/2001/XMLSchema-instance"
    xsi:schemaLocation="http://www.loc.gov/MARC21/slim http://www.loc.gov/standards/marcxml/schema/MARC21slim.xsd"
    xmlns="http://www.loc.gov/MARC21/slim">

  <leader>01938nam a22001577a 4500</leader>
  <datafield tag="082" ind1=" " ind2=" ">
    <subfield code="a">610</subfield>
  </datafield>
  <datafield tag="100" ind1=" " ind2=" ">
    <subfield code="a">Khan, Rida Khalid</subfield>
    <subfield code="9">131108</subfield>
  </datafield>
  <datafield tag="245" ind1=" " ind2=" ">
    <subfield code="a"> Advanced nanocarriers for skin diseases /</subfield>
    <subfield code="c">Rida Khalid Khan</subfield>
  </datafield>
  <datafield tag="264" ind1=" " ind2=" ">
    <subfield code="a">Islamabad : </subfield>
    <subfield code="b">SMME- NUST; </subfield>
    <subfield code="c">2025.</subfield>
  </datafield>
  <datafield tag="300" ind1=" " ind2=" ">
    <subfield code="a">68p.</subfield>
    <subfield code="b">Soft Copy</subfield>
    <subfield code="c">30cm</subfield>
  </datafield>
  <datafield tag="500" ind1=" " ind2=" ">
    <subfield code="a">The development and evaluation of an advanced nanocarrier hydrogel system designed to address
the major barriers in diabetic wound healing, specifically targeting chronic inflammation,
oxidative stress, bacterial infection, and impaired angiogenesis. This therapeutic system integrates
cerium oxide nanoparticles (CeO&#x2082;), metal-organic frameworks (MOFs), and a chitosan-gelatin
hydrogel platform to create a multifunctional wound dressing. CeO&#x2082; nanoparticles provide strong
antioxidant and antibacterial activity, MOFs enable controlled drug release and add antimicrobial
properties, while the chitosan-gelatin hydrogel ensures biocompatibility, moisture retention, and
accelerated tissue repair. Comprehensive characterization, including Raman spectroscopy, FTIR,
UV-Vis, EDX analysis, and optical microscopy, confirmed successful synthesis, structural
integrity, and the presence of desired functional groups. Biological assays demonstrated superior
antibacterial and antibiofilm performance of the CeZn-Gel composite against E. coli and S. aureus,
surpassing individual system components and controls. The integrated approach not only enhances
wound healing outcomes but also reduces infection and inflammation, with significant potential
for improving patient quality of life in chronic wound care. Future work will focus on optimizing
formulation and advancing toward clinical testing for broader therapeutic impact. </subfield>
  </datafield>
  <datafield tag="650" ind1=" " ind2=" ">
    <subfield code="a">MS Biomedical Sciences (BMS)   </subfield>
  </datafield>
  <datafield tag="700" ind1=" " ind2=" ">
    <subfield code="a">Supervisor : Dr. Nosheen Fatima</subfield>
    <subfield code="9">119483</subfield>
  </datafield>
  <datafield tag="856" ind1=" " ind2=" ">
    <subfield code="u">http://10.250.8.41:8080/xmlui/handle/123456789/55616</subfield>
  </datafield>
  <datafield tag="942" ind1=" " ind2=" ">
    <subfield code="2">ddc</subfield>
    <subfield code="c">THE</subfield>
  </datafield>
  <datafield tag="999" ind1=" " ind2=" ">
    <subfield code="c">615165</subfield>
    <subfield code="d">615165</subfield>
  </datafield>
  <datafield tag="952" ind1=" " ind2=" ">
    <subfield code="0">0</subfield>
    <subfield code="1">0</subfield>
    <subfield code="4">0</subfield>
    <subfield code="7">0</subfield>
    <subfield code="a">SMME</subfield>
    <subfield code="b">SMME</subfield>
    <subfield code="c">EB</subfield>
    <subfield code="d">2025-10-14</subfield>
    <subfield code="l">0</subfield>
    <subfield code="o">610</subfield>
    <subfield code="p">SMME-TH-1189</subfield>
    <subfield code="r">2025-10-14</subfield>
    <subfield code="w">2025-10-14</subfield>
    <subfield code="y">THE</subfield>
  </datafield>
</record>
